000 00424nam a22001817a 4500
003 MPLRDC
005 20220104113940.0
008 210129b ||||| |||| 00| 0 eng d
082 _a848.2 ZXF-6
100 _a张晓风主编
245 _a大地之歌
_c
250 _a三版
260 _a
_b大地出版社
_c1983
300 _b
490 _a万卷文库;105
650 _a现代别集
942 _cBK
_o848.2 ZXF-6
999 _c3615
_d3605